LEADER 01215nam a2200241 u 4500 001 000000019730 003 CaOOAMICUS 005 20070226110823.0 008 950216s1946 it u000 u ita u 035 $a10475687 040 $aPUL(R)$bita$dBAV-R2 110 2 $aUniversità cattolica del Sacro Cuore. Sede di Milano.$0(OLS)http://pul/name/534 245 10$aProposte di riforma della scuola italiana /$cformulate da una commissione di professori dell'Università Cattolica del Sacro Cuore. 260 $aMilano :$bVita e pensiero,$c1946. 300 $aviii, 61 p. ;$c25 cm 490 1 $aPubblicazioni della Università cattolica del Sacro Cuore.$aNuova serie ;$v15 650 4$aScuola$xRiforma$zItalia$ySec. XX.$0(OLS)http://pul/subject/13282 830 0$aPubblicazioni della Università cattolica del Sacro Cuore.$pNuova serie ;$v15.$0(OLS)http://pul/title/1726 850 $aPUL 852 $aPUL$W1$xDP2 Diritto Canonico 1$y64$m167 C 15bis$j27675$nBK-PRI$qStampati$B27675$CPULBib$Z2$F27675 $H11052 $82 941 1 $a8 996 $6245$aProposte di riforma della scuola italiana$9(OLS)http://pul/title/27916 996 $6260$aMilano :$bVita e pensiero$9(OLS)http://pul/publisher/48016 LEADER 02145nam a2200349 a 4500 001 000000080804 003 CaOOAMICUS 005 20100517130244.0 008 050223s1545 fr u001 u lat u 026 $atue- e-53$bn.o- insi (3)$c1545 (A) 035 $a11029913 040 $aPUL(R)$bita$dMTB 110 1 $aSanta Sede.$kTrattati, ecc.$0(OLS)http://pul/name/19561 245 10$aConcordata inter sanctissimum dominum nostrum papam Leonem decimum et sedem apostolicam, ac christianissimum dominum nostrum regem Franciscum huius nominis primu[m] et regnum aedita /$ccum interpretationibus...D. Petri Rebuffi.. 250 $a4. aeditio. 260 $aParisiis :$bapud Galeotum Pratenses,$c1545. 300 $a[64], 429 ;$c4° (25 cm.) 500 $aTesto su colonne. 500 $aSegnature: ast.4 [croce gr.]4-7[croce gr.]4 A-Z4 AA-ZZ4 a-h4. 500 $aMarca tipogr. sul colophon. 662 $aFrancia$dParigi.$0(OLS)http://pul/subject/35022 700 1 $aRebuffi, Pierre,$d1487-1557.$0(OLS)http://pul/name/20014 710 0 $aDu Pré, Galliot$4pbl.$0(OLS)http://pul/name/76241 787 1 $aRebuffi, Pierre, 1487-1557.$tTractatus de pacificis possessoribus.$d[Parisiis : apud Galeotum Pratensem, 1545]$w()23810 787 1 $aRebuffi, Pierre, 1487-1557.$tTractatus nominationum.$d[Parisiis : apud Galeotum Pratensem, 1545]$w()23811 850 $aPUL 852 $aPUL$W1$xDP1 Antico 500$y12$m148 E 12 int.1$j103163$nBK-PRI$qStampati Antico$B103163$CPULBib$Z2$F103163 $82 941 1 $a8 941 1 $a15 961 $aRilegato con: "Tractatus nominationum..." e "Tractatus de pacificis possessoribus ..."Stemma dell'ordine dei Gesuiti (JHS) sul dorso.Stemma di Gregorio XIII sul dorso.Precedenti collocazioni: C.Precedente appartenenza: Collegio Germanico - Bibl. Sup. Sottolineature all'interno del testo. 996 $6245$aConcordata inter sanctissimum dominum nostrum papam Leonem decimum et sedem apostolicam, ac christianissimum dominum nostrum regem Franciscum huius nominis primu[m] et regnum aedita$9(OLS)http://pul/title/105782 996 $6260$aParisiis :$bapud Galeotum Pratenses$9(OLS)http://pul/publisher/75873